000 00908nam a22002417a 4500
999 _c64511
_d64511
005 20240530110735.0
008 180712s2005 ua g b 000 0 ara d
017 _bمصر. دار الكتب
040 _aEG-CaGPL
_cEG-CaGPL
082 0 4 _221
_a155.2 /
_bع ن
100 0 _aعبدالرحمن محمد العيسوى
245 1 0 _aنظريات الشخصية /
_cتاليف عبدالرحمن محمد العيسوى
260 _aالقاهرة :
_bدار المعرفة الجامعية ،
_c2005.
300 _a505 ص. ؛
_c24 سم.
504 _aيشتمل على ارجاعات ببليوجرافية
650 0 7 _2qrmak
_aالشخصية
650 0 7 _2qrmak
_aعلم النفس التربوى
650 0 7 _2qrmak
_aالاختبارات الشخصية
650 0 7 _2qrmak
_aالشخصية
_xعلم نفس
651 _2qrmak
942 _2ddc
_cBK